|
|
|
|
| LEADER |
00000nam a2200000 a 4500 |
| 001 |
vtls001393863 |
| 003 |
SK-MaSNL |
| 005 |
20260301161658.0 |
| 008 |
240315s2000 xo r ger |
| 015 |
|
|
|a SNBA2000/12-04326
|
| 020 |
|
|
|a 8085456559
|
| 035 |
|
|
|a SNK000348180
|
| 035 |
|
|
|a urn:nbn:sk:snk-amklix
|
| 035 |
|
|
|a urn:nbn:sk:snk-am003vjf
|
| 035 |
|
|
|a 118D966D-5F34-4E13-9785-BEFE13ED82BE
|
| 040 |
|
|
|a SNK
|b slo
|c SNK
|e AACR2
|
| 041 |
0 |
|
|a ger
|
| 044 |
|
|
|a xo
|c SK
|
| 080 |
|
|
|a 803.0-3+803.0-5(079)
|2 1981
|
| 080 |
|
|
|a 803.0-5(079)
|2 1981
|
| 100 |
1 |
|
|a Tarábková, Mária
|4 aut
|9 316333
|
| 245 |
1 |
0 |
|a Budem vedieť nemecký jazyk
|c [spracovala: Mária Tarábková]
|
| 260 |
|
|
|a Bratislava
|b Didaktis
|c c2000
|
| 300 |
|
|
|a 79 s.
|c 21 cm
|e 1 príl.
|
| 500 |
|
|
|a Údaj o sprac. prevzatý z rubu tit. strany
|
| 650 |
0 |
7 |
|a nemčina
|x gramatika
|x testy
|2 SNK
|9 525045
|
| 655 |
|
7 |
|a príručky
|2 SNK
|9 74364
|
| 919 |
|
|
|a 80-85456-55-9
|
| 958 |
|
|
|a OND
|
| 958 |
|
|
|a TL
|
| 999 |
|
|
|c 810413
|d 812343
|
| 952 |
|
|
|t P60, <03>, [BOOK], {603}
|a SNK
|b SNK
|y PREZ
|7 0
|p 17A0247508
|o snkSC 102358
|i snkKSP 7948/2000
|0 0
|1 0
|4 0
|d 2000-08-04
|f 1
|l 0
|r 2025-09-24 00:00:00
|w 2026-02-24
|
| 952 |
|
|
|t P60, <03>, [BOOK], {603}
|a SNK
|b SNK
|y PREZ
|7 0
|p 17A0247509
|o snkSC 102358/pril.
|0 0
|1 0
|4 0
|d 2000-08-04
|l 0
|r 2025-09-24 00:00:00
|w 2026-02-24
|
| 952 |
|
|
|a SNK
|b SNK
|y VYP
|7 0
|p 17A0251980
|o snkSC 102358/pril. D1
|3 rekatalogizácia
|0 0
|1 0
|4 0
|d 2000-09-29
|l 0
|r 2005-01-02 00:00:00
|w 2026-02-24
|
| 952 |
|
|
|a SNK
|b SNK
|y VYP
|7 0
|p 17A0251979
|o snkSC 102358 D1
|i snkKSP 10167/2000
|0 0
|1 0
|4 0
|d 2000-09-29
|l 0
|r 2005-01-02 00:00:00
|w 2026-02-24
|